Biện pháp quản lý công tác giáo dục hướng nghiệp cho học sinh trung học phổ thông huyện Chư Păh tỉnh Gia Lai

Cơ sở lý luận về quản lý công tác GDHN ở các trường THPT. Thực trạng quản lý công tác GDHN ở các trường THPT huyện Chư Păh. Các biện pháp quản lý công tác GDHN ở các trường THPT huyện Chư Păh.

Đã lưu trong:
Sonraí Bibleagrafaíochta
Príomhúdar: Lê Văn Tàu
Údair Eile: Trần Xuân Bách TS. (Hướng dẫn)
Formáid: Leabhar
Teanga:Vietnamese
Foilsithe: Đà Nẵng Đại học Đà Nẵng 2015
Ábhair:
Clibeanna: Cuir Clib Leis
Gan Chlibeanna, Bí ar an gcéad duine leis an taifead seo a chlibeáil!
Thư viện lưu trữ: Mạng thư viện Đại học Đà Nẵng
LEADER 01767nam a2200349 4500
001 000023405
003 19856
005 20151207101215.0
008 151201s2015 viesd
041 |a vie 
082 1 4 |a 373.0113  |b LÊ-T 
100 1 |a Lê Văn Tàu 
245 1 |a Biện pháp quản lý công tác giáo dục hướng nghiệp cho học sinh trung học phổ thông huyện Chư Păh tỉnh Gia Lai  |c Lê Văn Tàu ; Trần Xuân Bách hướng dẫn.  |k Luận văn Thạc sĩ 
260 |a Đà Nẵng  |b Đại học Đà Nẵng  |c 2015 
300 |a 104 tr., phụ lục 3 tr.  |c 29 cm.  |e Tóm tắt 
500 |a Luận văn thạc sĩ Quản lý giáo dục. Chuyên ngành: Quản lý giáo dục. Mã số: 60.14.01.14 
520 3 |a Cơ sở lý luận về quản lý công tác GDHN ở các trường THPT. Thực trạng quản lý công tác GDHN ở các trường THPT huyện Chư Păh. Các biện pháp quản lý công tác GDHN ở các trường THPT huyện Chư Păh. 
650 0 4 |a Giáo dục trung học  |v Luận văn tốt nghiệp  |x Giáo dục hướng nghiệp  |z Gia Lai 
653 |a Giáo dục hướng nghiệp 
653 |a Giáo dục trung học 
653 |a Quản lý giáo dục 
700 1 |a Trần Xuân Bách  |c TS.  |e Hướng dẫn 
OWN |a LSP 
AVA |a UDN50  |b LSP  |d 373.0113 LÊ-T  |e available  |t Error 5001 Not defined in file expand_doc_bib_avail.  |f 1  |g 0  |h N  |i 0  |k 1 
999 |a From the UDN01 
AVA |a UDN50  |b LSP  |d 373.0113 LÊ-T  |e available  |t Error 5001 Not defined in file expand_doc_bib_avail.  |f 1  |g 0  |h N  |i 0  |k 1 
TYP |a Monograph 
TYP |a Printed language 
980 |a Mạng thư viện Đại học Đà Nẵng